[Event "ODEM U14 2010"]
[Site "Oberhof GER"]
[Date "2010.05.26"]
[Round "4"]
[White "Siegl, Melina"]
[Black "Voggenreiter, Simon"]
[Result "0-1"]
[Termination "normal"]
[Board "2"]
[WhiteElo "1404"]
[BlackElo "1738"]
[PlyCount "206"]
[WhiteFideId "1272126"]
[BlackFideId "24615501"]
[EventCountry "GER"]
[EventRounds "7"]
[EventType "swiss"]
[EventDate "2010.05.22"]

1. e4 e6 2. d4 d5 3. exd5 exd5 4. Nf3 Bd6 5. c4 dxc4 6. Bxc4 Nf6 7. Qe2+ Be7 8.
O-O O-O 9. Bg5 Bg4 10. Rd1 Nbd7 11. Nc3 Nb6 12. Bb3 c6 13. Qd3 Qc7 14. Rac1 Qd8
15. Re1 Nbd5 16. Bc2 Nb4 17. Qe3 Nxc2 18. Rxc2 Re8 19. Rce2 Kf8 20. Qf4 Bxf3
21. Qxf3 Qxd4 22. Rd1 Qc5 23. Be3 Qa5 24. Ne4 Qxa2 25. Nxf6 Bxf6 26. Qf5 Kg8
27. Red2 Qe6 28. Qf3 b6 29. Rd6 Qe4 30. Qg3 Be5 31. Qf3 Qxf3 32. gxf3 Bxd6 33.
Rxd6 c5 34. Kg2 Kf8 35. Rd2 Rad8 36. Rc2 Rd7 37. Kg3 Ke7 38. Re2 Kd8 39. Re1
Ree7 40. Rg1 Kc7 41. Kf4 f6 42. h4 Kc6 43. Rc1 Kb5 44. Rc3 c4 45. b3 cxb3 46.
Rxb3+ Ka6 47. Rb2 Kb7 48. Bc5 Re5 49. Be3 b5 50. Kg3 a5 51. f4 Red5 52. Kf3 a4
53. Rb4 a3 54. Bc1 Kc6 55. Ke4 a2 56. Bb2 Ra7 57. Rb3 a1=Q 58. Rc3+ Kd6 59.
Bxa1 Rxa1 60. Rc8 Ra4+ 61. Ke3 Ke6 62. Rb8 Kf5 63. Rb7 Rxf4 64. f3 Rxh4 65.
Rxg7 b4 66. Rb7 Rc4 67. Kf2 Rcc5 68. Rxb4 h5 69. Kg3 Kg6 70. Rb8 Rg5+ 71. Kf4
Rc4+ 72. Ke3 Rc3+ 73. Kf2 Rf5 74. Rg8+ Kh7 75. Rg3 Rfxf3+ 76. Rxf3 Rxf3+ 77.
Kxf3 Kg6 78. Kg3 Kg5 79. Kg2 f5 80. Kg3 f4+ 81. Kh3 h4 82. Kg2 Kg4 83. Kg1 Kf3
84. Kf1 h3 85. Kg1 h2+ 86. Kxh2 Ke2 87. Kg2 f3+ 88. Kg3 f2 89. Kf4 f1=Q+ 90.
Ke4 Qf3+ 91. Kd4 Qe3+ 92. Kc4 Qd3+ 93. Kb4 Qc2 94. Kb5 Qc3 95. Kb6 Qc4 96. Kb7
Qc5 97. Kb8 Qc6 98. Ka7 Qb5 99. Ka8 Kd3 100. Ka7 Kc4 101. Ka8 Kc5 102. Ka7 Kc6
103. Ka8 Qb7# 0-1

[Event "ODEM U14 2010"]
[Site "Oberhof GER"]
[Date "2010.05.26"]
[Round "4"]
[White "Nobis, Philipp"]
[Black "Edel, Fenja"]
[Result "1-0"]
[Termination "normal"]
[Board "3"]
[WhiteElo "1515"]
[BlackElo "1511"]
[PlyCount "103"]
[WhiteFideId "24602183"]
[BlackFideId "24696749"]
[EventCountry "GER"]
[EventRounds "7"]
[EventType "swiss"]
[EventDate "2010.05.22"]

1. c4 e6 2. g3 d5 3. Bg2 Nf6 4. Nf3 Bd6 5. O-O O-O 6. Qc2 c6 7. d4 Nbd7 8. b3
Re8 9. Ba3 Bxa3 10. Nxa3 Qc7 11. Rad1 Nb6 12. Ne5 Nbd7 13. Nf3 Ne4 14. Nb1 a6
15. Nc3 Ndf6 16. Nxe4 Nxe4 17. Nd2 Nxd2 18. Rxd2 Qd8 19. e4 dxc4 20. Qxc4 e5
21. Rfd1 Qe7 22. d5 Bd7 23. d6 Qe6 24. h4 Qxc4 25. bxc4 c5 26. Kh2 Be6 27. Rc1
Red8 28. Bh3 Bxh3 29. Kxh3 f6 30. Rb1 Rd7 31. Rb6 Kf7 32. Rd5 Ke6 33. Rxc5 g6
34. Rc7 Rb8 35. c5 h6 36. c6 Rxd6 37. Rbxb7 Re8 38. Ra7 Rd4 39. Rxa6 Re7 40.
Rxe7+ Kxe7 41. c7 Rc4 42. Ra7 Ke6 43. a4 Kd6 44. Ra6+ Kxc7 45. Rxf6 Rxa4 46.
Rxg6 Rxe4 47. Rxh6 Re2 48. Kg2 e4 49. Kf1 Rd2 50. Re6 Rd4 51. Ke2 Kd7 52. Ke3
1-0

[Event "ODEM U14 2010"]
[Site "Oberhof GER"]
[Date "2010.05.26"]
[Round "4"]
[White "Herbrig, Marie-Helén"]
[Black "Bosse, Lea"]
[Result "0-1"]
[Termination "normal"]
[Board "4"]
[WhiteElo "1368"]
[BlackElo "1450"]
[PlyCount "90"]
[WhiteFideId "12900427"]
[BlackFideId "12900419"]
[EventCountry "GER"]
[EventRounds "7"]
[EventType "swiss"]
[EventDate "2010.05.22"]

1. e4 d5 2. exd5 Qxd5 3. Nc3 Qd6 4. Bc4 Nf6 5. h3 a6 6. Nf3 Bf5 7. d4 Nc6 8.
Be3 e6 9. Qd2 O-O-O 10. O-O h6 11. a3 g5 12. b4 Ne4 13. Qe1 Rg8 14. Be2 Nxc3
15. Qxc3 g4 16. hxg4 Bxg4 17. Kh1 Bxf3 18. Bxf3 Nxd4 19. Rfd1 Bg7 20. Qc4 Qe5
21. Be2 Nxe2 22. Qxe2 Qxa1 23. Rxa1 Bxa1 24. Kg1 Bb2 25. a4 Rg6 26. Bf4 Rdg8
27. Bg3 f5 28. Kf1 Rd8 29. Bh4 Rd6 30. c4 Bg7 31. b5 e5 32. c5 Rd5 33. bxa6
Rxc5 34. a7 Rc1+ 35. Qe1 Rxe1+ 36. Kxe1 Ra6 37. f3 Rxa7 38. Bf2 Rxa4 39. g3 Ra2
40. Kf1 e4 41. f4 b5 42. Bc5 Bc3 43. Kg1 b4 44. Bxb4 Bxb4 45. Kf1 c5 0-1

[Event "ODEM U14 2010"]
[Site "Oberhof GER"]
[Date "2010.05.26"]
[Round "4"]
[White "Ewert, Paul"]
[Black "Bauer, Lukas"]
[Result "1-0"]
[Termination "normal"]
[Board "5"]
[WhiteElo "1519"]
[BlackElo "1272"]
[PlyCount "81"]
[BlackFideId "12907715"]
[EventCountry "GER"]
[EventRounds "7"]
[EventType "swiss"]
[EventDate "2010.05.22"]

1. e4 d5 2. Nc3 d4 3. Nce2 e5 4. Ng3 Nc6 5. Bc4 Nf6 6. Nf3 Bd6 7. O-O O-O 8. d3
h6 9. Bd2 Bd7 10. h3 Ne7 11. Nh4 b5 12. Bb3 a5 13. a3 a4 14. Ba2 c5 15. Qc1 Kh7
16. f4 Qc8 17. f5 c4 18. Qd1 c3 19. bxc3 dxc3 20. Bc1 Bc5+ 21. Kh2 Bd4 22. Nh5
Qc6 23. Nxf6+ Qxf6 24. Qh5 Ng8 25. g4 g6 26. fxg6+ fxg6 27. Bxg8+ Kxg8 28. Rxf6
gxh5 29. Rg6+ Kh7 30. Rxh6+ Kg7 31. Nf5+ Bxf5 32. gxf5 Rg8 33. Bg5 Kf7 34. h4
Rab8 35. Rxh5 b4 36. Rh7+ Ke8 37. Re7+ Kf8 38. f6 b3 39. Bh6+ Rg7 40. Bxg7+ Kg8
41. Bh6 1-0

[Event "ODEM U14 2010"]
[Site "Oberhof GER"]
[Date "2010.05.26"]
[Round "4"]
[White "Schirra, Maurice"]
[Black "Hansch, Karsten"]
[Result "0-1"]
[Termination "normal"]
[Board "6"]
[WhiteElo "1127"]
[BlackElo "1885"]
[PlyCount "78"]
[WhiteFideId "12941115"]
[BlackFideId "24692239"]
[EventCountry "GER"]
[EventRounds "7"]
[EventType "swiss"]
[EventDate "2010.05.22"]

1. e4 c5 2. Nf3 d6 3. d4 cxd4 4. Nxd4 Nf6 5. Nc3 a6 6. Bc4 e6 7. Bb3 Be7 8. O-O
O-O 9. f4 Nbd7 10. Qf3 Nc5 11. Re1 Nxb3 12. axb3 Rb8 13. Qg3 b5 14. b4 Bb7 15.
f5 e5 16. Nf3 Rc8 17. Bh6 Ne8 18. Rad1 Rc4 19. Nxe5 Bh4 20. Qg4 Bxe1 21. Nxc4
Bxc3 22. Nxd6 Qb6+ 23. Kh1 Nxd6 24. bxc3 Nxf5 25. exf5 Qxh6 26. h3 Qc6 27. Rd3
Qe4 28. Qg5 h6 29. Qg4 Qxg4 30. hxg4 Be4 31. Rd2 Rc8 32. Re2 Bd5 33. Re5 Bc4
34. Re7 Ra8 35. Re4 a5 36. Rf4 a4 37. Re4 a3 38. Re1 a2 39. Ra1 Ra3 0-1

[Event "ODEM U14 2010"]
[Site "Oberhof GER"]
[Date "2010.05.26"]
[Round "4"]
[White "Hansch, Stephan"]
[Black "Wierzbicki, Jirawat"]
[Result "1-0"]
[Termination "normal"]
[Board "7"]
[WhiteElo "1832"]
[BlackElo "1428"]
[PlyCount "41"]
[BlackFideId "1153579"]
[EventCountry "GER"]
[EventRounds "7"]
[EventType "swiss"]
[EventDate "2010.05.22"]

1. d4 Nf6 2. Nf3 g6 3. Nc3 Bg7 4. e4 d6 5. Be2 Nbd7 6. O-O O-O 7. Bf4 c6 8. Qd2
Re8 9. Rfe1 Qc7 10. Bc4 Nb6 11. Bb3 Bg4 12. Ng5 d5 13. Bxc7 Nbd7 14. exd5 cxd5
15. Nxd5 Nxd5 16. Bxd5 Rac8 17. Bxf7+ Kh8 18. Bxe8 Rxe8 19. Nf7+ Kg8 20. Nd6
Rf8 21. Rxe7 1-0

[Event "ODEM U14 2010"]
[Site "Oberhof GER"]
[Date "2010.05.26"]
[Round "4"]
[White "Schramm, Moritz"]
[Black "Bach, Marc-Andre"]
[Result "0-1"]
[Termination "normal"]
[Board "8"]
[WhiteElo "1173"]
[BlackElo "1298"]
[PlyCount "90"]
[WhiteFideId "12923508"]
[BlackFideId "1270773"]
[EventCountry "GER"]
[EventRounds "7"]
[EventType "swiss"]
[EventDate "2010.05.22"]

1. Nc3 Nc6 2. e4 e5 3. Nf3 Nf6 4. Bb5 Bb4 5. O-O O-O 6. d3 d6 7. Nh4 Nxe4 8.
dxe4 Qxh4 9. Qe2 Nd4 10. Qd3 a6 11. Ba4 b5 12. Bb3 c5 13. Bd5 Rb8 14. a3 Ba5
15. f4 Bb6 16. Kh1 Bb7 17. f5 Bxd5 18. exd5 f6 19. Ne4 c4 20. Qg3 Qxe4 21. Bh6
Rf7 22. Rae1 Qxc2 23. Rc1 Qxb2 24. Rf2 Qb3 25. Qxb3 Nxb3 26. Rf3 Nxc1 27. Rg3
Ne2 28. Rg4 c3 29. Re4 Nd4 30. Bc1 c2 31. Re1 Rc8 32. g3 Nb3 33. Bb2 c1=Q 34.
Bxc1 Rxc1 35. Rxc1 Nxc1 36. Kg2 a5 37. Kf3 b4 38. axb4 axb4 39. h4 b3 40. h5 b2
41. g4 b1=Q 42. Kg3 Qd3+ 43. Kh4 Ne2 44. h6 Bf2+ 45. Kh5 Qh3# 0-1

[Event "ODEM U14 2010"]
[Site "Oberhof GER"]
[Date "2010.05.26"]
[Round "4"]
[White "Hesse, Henrik"]
[Black "Mikeler, Marcel"]
[Result "1/2-1/2"]
[Termination "normal"]
[Board "9"]
[WhiteElo "1113"]
[BlackElo "1180"]
[PlyCount "125"]
[WhiteFideId "12952060"]
[BlackFideId "12927856"]
[EventCountry "GER"]
[EventRounds "7"]
[EventType "swiss"]
[EventDate "2010.05.22"]

1. e4 e5 2. Nf3 Nc6 3. Bc4 Bc5 4. c3 Nf6 5. d4 exd4 6. cxd4 Bb4+ 7. Nc3 Nxe4 8.
O-O Nxc3 9. bxc3 Be7 10. Re1 d5 11. Bb5 O-O 12. Qe2 Re8 13. Bg5 f6 14. Bh4 Bd7
15. Qd3 Na5 16. Rab1 a6 17. Bxd7 Qxd7 18. Nd2 Bd6 19. Rec1 b5 20. Qf3 c6 21.
Nf1 Nc4 22. Rd1 Re4 23. Bg3 Qg4 24. Qxg4 Rxg4 25. Bxd6 Nxd6 26. Re1 Re4 27. Ng3
Ree8 28. f3 Kf7 29. Kf2 g6 30. Rec1 Re7 31. Rc2 Rae8 32. Nf1 Nc4 33. Ra1 Na5
34. Rb2 Nc4 35. Rc2 Ne3 36. Nxe3 Rxe3 37. a4 R3e6 38. h3 f5 39. axb5 axb5 40.
Ra7+ R8e7 41. Ra8 h5 42. Rca2 Re3 43. Rc8 Rxc3 44. Raa8 Rc2+ 45. Kg3 Ree2 46.
Rc7+ Re7 47. Rcc8 b4 48. Rf8+ Ke6 49. Rg8 Kf6 50. Raf8+ Rf7 51. Rb8 Rc4 52.
Rgd8 Rxd4 53. Rd6+ Kg7 54. Rxc6 Re7 55. Rbb6 h4+ 56. Kh2 Kg8 57. Rxg6+ Rg7 58.
Rh6 Rd2 59. Rb8+ Kf7 60. Rb7+ Kg8 61. Rb8+ Kf7 62. Rb7+ Kg8 63. Rb8+ 1/2-1/2

[Event "ODEM U14 2010"]
[Site "Oberhof GER"]
[Date "2010.05.26"]
[Round "4"]
[White "Halas, Lena"]
[Black "Wegmann, Simon"]
[Result "1-0"]
[Termination "normal"]
[Board "10"]
[WhiteElo "1434"]
[BlackElo "1134"]
[PlyCount "99"]
[WhiteFideId "12931799"]
[BlackFideId "1270758"]
[EventCountry "GER"]
[EventRounds "7"]
[EventType "swiss"]
[EventDate "2010.05.22"]

1. e4 e5 2. Nf3 Nc6 3. d4 exd4 4. Nxd4 Nf6 5. Nc3 Bb4 6. Nxc6 bxc6 7. Bd2 O-O
8. Bd3 Re8 9. Qf3 d5 10. O-O Bxc3 11. Bxc3 dxe4 12. Bxf6 exf3 13. Bxd8 fxg2 14.
Rfd1 g6 15. Bxc7 Bh3 16. Bg3 f5 17. Bc4+ Kh8 18. Re1 h6 19. Bf7 Rxe1+ 20. Rxe1
Kg7 21. Bb3 g5 22. f3 f4 23. Bf2 h5 24. Bd4+ Kg6 25. Be6 g4 26. fxg4 hxg4 27.
Bd7 Rd8 28. Be8+ Kh6 29. c3 f3 30. Bxc6 Rd6 31. Be3+ Kh7 32. Be4+ Kg8 33. Bd4
Ra6 34. Bd5+ Kf8 35. Bc5+ Kg7 36. Re7+ Kg6 37. Re6+ Rxe6 38. Bxe6 Kf6 39. Bc8
Ke5 40. Bxa7 Ke4 41. b4 Kd3 42. Bd4 Kc4 43. a4 Kd5 44. a5 Kc6 45. a6 g3 46.
Bxh3 Kc7 47. hxg3 Kb8 48. Bxg2 fxg2 49. Kxg2 Kc7 50. g4 1-0

[Event "ODEM U14 2010"]
[Site "Oberhof GER"]
[Date "2010.05.26"]
[Round "4"]
[White "Mann, Jonas"]
[Black "Dopmann, Sina"]
[Result "1-0"]
[Termination "normal"]
[Board "11"]
[WhiteElo "1288"]
[BlackElo "1108"]
[PlyCount "41"]
[WhiteFideId "12900214"]
[EventCountry "GER"]
[EventRounds "7"]
[EventType "swiss"]
[EventDate "2010.05.22"]

1. Nc3 c5 2. e4 d6 3. f4 g6 4. Nf3 Bg7 5. Bc4 e6 6. O-O Nc6 7. d3 Nge7 8. Qe1
O-O 9. Qh4 Nd4 10. Nxd4 cxd4 11. Ne2 a6 12. f5 gxf5 13. Bg5 Re8 14. exf5 exf5
15. Ng3 Qc7 16. Rae1 Bf8 17. Nh5 Bg7 18. Nxg7 Kxg7 19. Qh6+ Kg8 20. Bxf7+ Kxf7
21. Qxh7+ 1-0

[Event "ODEM U14 2010"]
[Site "Oberhof GER"]
[Date "2010.05.26"]
[Round "4"]
[White "Peters, Florian"]
[Black "Glase, Johan"]
[Result "1/2-1/2"]
[Termination "normal"]
[Board "12"]
[WhiteElo "1248"]
[BlackElo "1068"]
[PlyCount "169"]
[WhiteFideId "12952028"]
[EventCountry "GER"]
[EventRounds "7"]
[EventType "swiss"]
[EventDate "2010.05.22"]

1. c4 f5 2. Nc3 e6 3. Nf3 Nf6 4. g3 Nc6 5. Bg2 Bc5 6. O-O O-O 7. d4 Be7 8. Bf4
Nh5 9. Be3 d6 10. Qd2 e5 11. d5 Nb4 12. Bg5 f4 13. Bxe7 Qxe7 14. Ne4 Na6 15.
Rac1 Bf5 16. Nc3 Nc5 17. Nh4 Bg4 18. Bf3 fxg3 19. hxg3 Bxf3 20. exf3 e4 21.
Rfe1 Qf7 22. Nxe4 Rae8 23. Ng5 Qf6 24. f4 Rxe1+ 25. Rxe1 h6 26. Ngf3 g5 27.
fxg5 hxg5 28. Qxg5+ Qxg5 29. Nxg5 c6 30. dxc6 bxc6 31. Ng6 Rf6 32. Ne7+ Kg7 33.
Nxc6 a6 34. Ne4 Re6 35. b4 Rxe4 36. Rc1 Nd3 37. Rc3 Ne5 38. Na5 Nf6 39. f4 Ned7
40. Nb7 d5 41. cxd5 Nxd5 42. Rd3 N7b6 43. Nc5 Rxb4 44. a3 Rc4 45. Nxa6 Kf6 46.
Kf2 Kf5 47. Kf3 Rc3 48. Rxc3 Nxc3 49. Nb4 Ncd5 50. Nc2 Na4 51. g4+ Kf6 52. g5+
Kf5 53. Nd4+ Kg6 54. Ne6 Kf5 55. Nd4+ Kg6 56. Ke4 Ne7 57. Kf3 Nb6 58. Kg4 Ned5
59. f5+ Kf7 60. Ne6 Ne7 61. Nc5 Nbd5 62. f6 Nxf6+ 63. Kf4 Kg6 64. a4 Nfd5+ 65.
Kg4 Nc6 66. Nb7 Nf6+ 67. Kf4 Na7 68. Nc5 Nh7 69. Ke5 Nxg5 70. Kd6 Nc8+ 71. Kc7
Ne7 72. a5 Nd5+ 73. Kb8 Nb4 74. Nd3 Nc6+ 75. Kb7 Nxa5+ 76. Ka6 Nc4 77. Kb5 Nd6+
78. Kc6 Nf5 79. Nf4+ Kf6 80. Nd5+ Ke5 81. Nb4 Nd4+ 82. Kc5 Nge6+ 83. Kc4 Ke4
84. Nd3 Nc7 85. Nc5+ 1/2-1/2

[Event "ODEM U14 2010"]
[Site "Oberhof GER"]
[Date "2010.05.26"]
[Round "4"]
[White "Strauch, Nicholas"]
[Black "Dittrich, Tom"]
[Result "1-0"]
[Termination "normal"]
[Board "14"]
[WhiteElo "1231"]
[BlackElo "1074"]
[PlyCount "41"]
[BlackFideId "12923532"]
[EventCountry "GER"]
[EventRounds "7"]
[EventType "swiss"]
[EventDate "2010.05.22"]

1. e4 c5 2. Nc3 d6 3. g3 Nc6 4. Bg2 Nf6 5. d3 g6 6. f4 Bg7 7. Nf3 Nd7 8. O-O
O-O 9. h3 a6 10. g4 b5 11. Qe1 Bb7 12. f5 Qc7 13. Qh4 Rab8 14. Bh6 Bxh6 15.
Qxh6 Nf6 16. Ng5 Nd4 17. fxg6 fxg6 18. Nd5 Bxd5 19. exd5 Nxc2 20. Ne6 Qb6 21.
Qg7# 1-0

[Event "ODEM U14 2010"]
[Site "Oberhof GER"]
[Date "2010.05.26"]
[Round "4"]
[White "Henke, Georg"]
[Black "Triantafillidis, Zoe"]
[Result "0-1"]
[Termination "normal"]
[Board "15"]
[WhiteElo "1176"]
[BlackElo "1044"]
[PlyCount "68"]
[WhiteFideId "24693936"]
[BlackFideId "12900150"]
[EventCountry "GER"]
[EventRounds "7"]
[EventType "swiss"]
[EventDate "2010.05.22"]

1. e4 c6 2. d4 d5 3. Nc3 dxe4 4. Nxe4 Bf5 5. Ng3 Bg6 6. h4 h6 7. h5 Bh7 8. Nf3
Nf6 9. Bc4 e6 10. Be3 Bd6 11. Ne5 Nbd7 12. Bf4 Nxe5 13. dxe5 Qa5+ 14. c3 Bxe5
15. Bxe5 Qxe5+ 16. Qe2 Qxe2+ 17. Bxe2 O-O-O 18. O-O Rd5 19. Rad1 Rhd8 20. Bc4
Rxd1 21. Kh2 Rxf1 22. Bxf1 Ng4+ 23. Kh3 Nxf2+ 24. Kh2 Rd2 25. b4 Rxa2 26. c4
Ne4 27. Ne2 Rb2 28. Nf4 Rxb4 29. Bd3 Bf5 30. Ne2 a5 31. g4 Bxg4 32. Bxe4 Bxe2
33. Kg3 Rxc4 34. Bg2 a4 0-1

[Event "ODEM U14 2010"]
[Site "Oberhof GER"]
[Date "2010.05.26"]
[Round "4"]
[White "Holstein, David"]
[Black "Thole, Ann-Christin"]
[Result "0-1"]
[Termination "normal"]
[Board "16"]
[WhiteElo "997"]
[BlackElo "1142"]
[PlyCount "96"]
[BlackFideId "12907529"]
[EventCountry "GER"]
[EventRounds "7"]
[EventType "swiss"]
[EventDate "2010.05.22"]

1. e4 c5 2. Nf3 e6 3. d4 cxd4 4. Nxd4 Nc6 5. Nb5 Qa5+ 6. c3 Nf6 7. f3 d5 8. Bf4
Kd7 9. exd5 exd5 10. Qd3 g6 11. g3 Bg7 12. Bh3+ Ke8 13. Nc7+ Kf8 14. Nxa8 Bxh3
15. g4 Ne8 16. Na3 Qd8 17. O-O-O Qxa8 18. Qxd5 Qc8 19. Qd7 Qxd7 20. Rxd7 h5 21.
Rg1 Nf6 22. Rgd1 Nxd7 23. Rxd7 hxg4 24. fxg4 Bxg4 25. Rxb7 Bh6 26. Bxh6+ Rxh6
27. Rc7 Bf3 28. c4 Rxh2 29. c5 Rh5 30. b4 Nxb4 31. Nb5 Nd3+ 32. Kc2 Rxc5+ 33.
Rxc5 Nxc5 34. Nxa7 Ke7 35. Kc3 Ke6 36. Kb4 Na4 37. Nb5 Ke5 38. Kxa4 g5 39. Na3
g4 40. Nc2 g3 41. Ne1 Kf4 42. Kb5 Ke3 43. Nc2+ Kf2 44. a4 g2 45. a5 g1=Q 46. a6
Be2+ 47. Ka5 Bxa6 48. Kxa6 Qg6+ 0-1

[Event "ODEM U14 2010"]
[Site "Oberhof GER"]
[Date "2010.05.26"]
[Round "4"]
[White "Döpper, Anna Berenice"]
[Black "Michalowski, Melina"]
[Result "1-0"]
[Termination "normal"]
[Board "17"]
[WhiteElo "1001"]
[BlackElo "1006"]
[PlyCount "67"]
[WhiteFideId "1271853"]
[BlackFideId "12902462"]
[EventCountry "GER"]
[EventRounds "7"]
[EventType "swiss"]
[EventDate "2010.05.22"]

1. e4 c6 2. c4 d5 3. cxd5 cxd5 4. exd5 Qxd5 5. Nc3 Qa5 6. Nf3 Nc6 7. Be2 Bf5 8.
O-O e6 9. d4 Nf6 10. Bd2 Qc7 11. Nb5 Qe7 12. Bf4 e5 13. dxe5 a6 14. Nd6+ Kd8
15. Nxf5+ Qd7 16. exf6 Qxd1 17. Rfxd1+ Ke8 18. fxg7 Rg8 19. gxf8=Q+ Rxf8 20.
Bh6 Rg8 21. Ng7+ Ke7 22. Nf5+ Kf6 23. N3h4 Rae8 24. Rd6+ Re6 25. Rad1 Rc8 26.
Bc4 Nd8 27. Bxe6 Nxe6 28. Bg7+ Kg5 29. g3 Kg4 30. Ne3+ Kh3 31. Rd7 Nxg7 32.
Rxf7 Ne6 33. Rxh7 b5 34. Nhf5# 1-0

[Event "ODEM U14 2010"]
[Site "Oberhof GER"]
[Date "2010.05.26"]
[Round "4"]
[White "Werner, Justus"]
[Black "Michalowski, Sophia"]
[Result "1-0"]
[Termination "normal"]
[Board "18"]
[WhiteElo "1299"]
[BlackElo "956"]
[PlyCount "111"]
[WhiteFideId "12941107"]
[BlackFideId "12902454"]
[EventCountry "GER"]
[EventRounds "7"]
[EventType "swiss"]
[EventDate "2010.05.22"]

1. e4 d5 2. exd5 Qxd5 3. Nc3 Qa5 4. Bc4 c6 5. Nf3 Bf5 6. Bb3 e6 7. d4 Nd7 8.
Bd2 Qc7 9. Qe2 Ngf6 10. O-O-O Bb4 11. h3 Nd5 12. Nxd5 Bxd2+ 13. Rxd2 cxd5 14.
Bxd5 O-O 15. Bb3 a5 16. a3 Rfc8 17. g4 Bg6 18. h4 h6 19. h5 Bh7 20. g5 hxg5 21.
Nxg5 Qc6 22. d5 Qb6 23. dxe6 fxe6 24. Qxe6+ Qxe6 25. Bxe6+ Kh8 26. Bxd7 Rc5 27.
Nxh7 Kxh7 28. Re1 b5 29. Bg4 b4 30. a4 b3 31. Kb1 bxc2+ 32. Rxc2 Rxc2 33. Kxc2
Ra6 34. b3 Rc6+ 35. Kb2 Rd6 36. Ka3 Rd4 37. Bf5+ Kh6 38. Bg6 Kg5 39. Rf1 Kf6
40. f4 Rd5 41. f5 Kg5 42. Re1 Kf6 43. Re6+ Kg5 44. Re7 Kf6 45. Rf7+ Kg5 46.
Rxg7 Rd6 47. Re7 Rb6 48. Re1 Kf6 49. h6 Rb8 50. h7 Kg7 51. Rh1 Kh8 52. f6 Rf8
53. f7 Kg7 54. h8=Q+ Rxh8 55. Rxh8 Kxh8 56. f8=Q# 1-0

[Event "ODEM U14 2010"]
[Site "Oberhof GER"]
[Date "2010.05.26"]
[Round "4"]
[White "Nabinger, Annalena"]
[Black "Svane, Frederik"]
[Result "0-1"]
[Termination "normal"]
[Board "19"]
[WhiteElo "1181"]
[BlackElo "821"]
[PlyCount "52"]
[WhiteFideId "12902225"]
[BlackFideId "12923044"]
[EventCountry "GER"]
[EventRounds "7"]
[EventType "swiss"]
[EventDate "2010.05.22"]

1. e4 c5 2. Nf3 Nc6 3. Nc3 b6 4. d4 cxd4 5. Nxd4 Bb7 6. Bc4 Ne5 7. Bb3 f5 8.
Nxf5 g6 9. Ng3 Nf6 10. Bg5 Bg7 11. f4 Nf7 12. Bxf6 Bxf6 13. e5 Bg7 14. Rg1 O-O
15. h4 e6 16. Qg4 Nh6 17. Qh3 Rxf4 18. Rh1 Rg4 19. O-O-O Nf5 20. Qxg4 Ne3 21.
Qe2 Nxd1 22. Nxd1 Qe7 23. Kb1 Rf8 24. h5 Qg5 25. Ne4 Qh6 26. Ndc3 Bxe5 0-1

[Event "ODEM U14 2010"]
[Site "Oberhof GER"]
[Date "2010.05.26"]
[Round "4"]
[White "Leyrer, Thomas"]
[Black "Kravets, Nazar"]
[Result "1-0"]
[Termination "normal"]
[Board "20"]
[WhiteElo "1138"]
[BlackElo "810"]
[PlyCount "137"]
[WhiteFideId "12908274"]
[EventCountry "GER"]
[EventRounds "7"]
[EventType "swiss"]
[EventDate "2010.05.22"]

1. d4 d5 2. c4 Nf6 3. Nc3 Nc6 4. Nf3 Bf5 5. Bf4 Nb4 6. Qa4+ Nc6 7. Ne5 Qd6 8.
c5 Qd8 9. e3 b6 10. Qxc6+ Bd7 11. Nxd7 Qxd7 12. Qxa8+ Qd8 13. Qxd8+ Kxd8 14.
Nb5 bxc5 15. Bxc7+ Kd7 16. dxc5 Kc6 17. O-O-O Ne4 18. Bf4 Nxf2 19. Be2 Nxd1 20.
Rxd1 e6 21. Bd6 Bxd6 22. cxd6 a6 23. Nd4+ Kxd6 24. Bxa6 Ra8 25. Bd3 Rxa2 26.
Bxh7 g6 27. Rf1 Ra1+ 28. Kd2 Rxf1 29. Ke2 Rh1 30. h3 Rb1 31. b4 Rxb4 32. Bg8
Ke7 33. Nc6+ Kf8 34. Nxb4 Kxg8 35. Kf3 Kg7 36. Nc6 f5 37. g4 fxg4+ 38. hxg4 Kf6
39. Kf4 g5+ 40. Kf3 e5 41. Nd8 e4+ 42. Ke2 Ke5 43. Nc6+ Kd6 44. Nd4 Ke5 45. Kd2
Kd6 46. Kc3 Ke5 47. Kb4 Kd6 48. Kb5 Ke5 49. Kc6 Kf6 50. Kxd5 Kg6 51. Kxe4 Kf6
52. Kd5 Kg6 53. e4 Kf6 54. e5+ Ke7 55. Nf5+ Kd7 56. e6+ Ke8 57. e7 Kd7 58. Ke5
Ke8 59. Kf6 Kd7 60. Ng7 Kd6 61. e8=Q Kc5 62. Qd7 Kc4 63. Ke5 Kc5 64. Qd5+ Kb4
65. Qc6 Kb3 66. Kd4 Kb4 67. Qb6+ Ka4 68. Kc3 Ka3 69. Qa5# 1-0

[Event "ODEM U14 2010"]
[Site "Oberhof GER"]
[Date "2010.05.26"]
[Round "4"]
[White "Neumann, Tiemon"]
[Black "Wenninger, Patrick"]
[Result "1-0"]
[Termination "normal"]
[Board "21"]
[WhiteElo "1030"]
[BlackElo "759"]
[PlyCount "87"]
[WhiteFideId "12925462"]
[BlackFideId "12927880"]
[EventCountry "GER"]
[EventRounds "7"]
[EventType "swiss"]
[EventDate "2010.05.22"]

1. e4 e5 2. Nf3 Nc6 3. Nc3 Nf6 4. d4 Bb4 5. dxe5 Ng4 6. Ng5 Ngxe5 7. Bb5 a6 8.
Qd5 O-O 9. Bxc6 Nxc6 10. Qf5 g6 11. Qf3 Nd4 12. Qd3 Nc6 13. O-O d6 14. a3 Bxc3
15. Qxc3 Be6 16. b3 f6 17. Nxe6 Qe7 18. Nxf8 Qxf8 19. Bb2 Ne5 20. Qxc7 Rc8 21.
Qa5 Rxc2 22. Qd5+ Kh8 23. Bxe5 dxe5 24. Qxb7 Qg8 25. Rfc1 Rb2 26. Rc8 Rxb3 27.
Rxg8+ Kxg8 28. Qxb3+ Kg7 29. Qe3 g5 30. Qa7+ Kg6 31. Qxa6 g4 32. a4 g3 33. a5
gxh2+ 34. Kxh2 h5 35. Qxf6+ Kxf6 36. a6 h4 37. a7 h3 38. a8=Q hxg2 39. Kxg2 Kg5
40. Qg8+ Kf4 41. Qf7+ Kg5 42. Kf3 Kh6 43. Qg8 Kh5 44. Rh1# 1-0

[Event "ODEM U14 2010"]
[Site "Oberhof GER"]
[Date "2010.05.26"]
[Round "4"]
[White "Morio, Estelle"]
[Black "Wegmann, Sven"]
[Result "0-1"]
[Termination "normal"]
[Board "22"]
[WhiteElo "881"]
[BlackElo "1354"]
[PlyCount "86"]
[WhiteFideId "12951951"]
[BlackFideId "1270756"]
[EventCountry "GER"]
[EventRounds "7"]
[EventType "swiss"]
[EventDate "2010.05.22"]

1. e4 c5 2. Nc3 d6 3. g3 Nf6 4. Bg2 g6 5. Nge2 Bg7 6. O-O O-O 7. d3 Nc6 8. Be3
Bd7 9. Qd2 Ng4 10. h3 Nxe3 11. fxe3 Qc7 12. Nd5 Qd8 13. Rab1 Re8 14. Rf2 f5 15.
Nec3 e6 16. Nf4 Qa5 17. a3 b5 18. Nd1 b4 19. axb4 cxb4 20. Rc1 Rab8 21. Re2 Qc7
22. b3 Ra8 23. Nf2 a5 24. d4 a4 25. bxa4 Rxa4 26. Rb1 fxe4 27. Nxe4 Ra5 28. Rf2
Qc8 29. Nxd6 Qb8 30. Nxe8 Qxe8 31. Nd3 Qb8 32. Nxb4 Ra2 33. Nxa2 Qxb1+ 34. Rf1
Qxa2 35. Qc3 Qa6 36. Bxc6 Bxc6 37. Qe1 Bd7 38. Qf2 Qc8 39. Qf7+ Kh8 40. Qe7 Qb8
41. Rf7 Qxg3+ 42. Kf1 Bb5+ 43. c4 Bxc4# 0-1

[Event "ODEM U14 2010"]
[Site "Oberhof GER"]
[Date "2010.05.26"]
[Round "4"]
[White "Holzapfel, Jan-Marius"]
[Black "Titgemeyer, Eva Maria"]
[Result "0-1"]
[Termination "normal"]
[Board "23"]
[WhiteElo "849"]
[BlackElo "1039"]
[PlyCount "92"]
[BlackFideId "24655350"]
[EventCountry "GER"]
[EventRounds "7"]
[EventType "swiss"]
[EventDate "2010.05.22"]

1. e4 e5 2. Bc4 Nf6 3. d3 Nc6 4. Nf3 Be7 5. c3 d6 6. Bb3 O-O 7. Bg5 h6 8. Bh4
Bg4 9. Nbd2 Qd7 10. Qe2 Rad8 11. Nf1 Rfe8 12. Ne3 Bh5 13. O-O Na5 14. Bxf6 Bxf6
15. Nd5 Bg5 16. Bd1 c6 17. Nb4 b6 18. Qc2 Be7 19. Qd2 Nb7 20. Nxe5 dxe5 21.
Bxh5 a5 22. Nc2 Qxd3 23. Qc1 Qxe4 24. Re1 Qf5 25. Bf3 Qf6 26. Qe3 Bc5 27. Qe4
Re6 28. Ne3 Rd2 29. Ng4 Qf4 30. Qxf4 exf4 31. Rxe6 fxe6 32. Bxc6 Nd8 33. Bb5
Rxb2 34. Rd1 Rxb5 35. Rxd8+ Kh7 36. g3 f3 37. Rd1 Rb2 38. Kf1 Rxa2 39. Re1 h5
40. Ne3 Bxe3 41. fxe3 Rxh2 42. Rb1 Rh1+ 43. Kf2 Rxb1 44. Kxf3 a4 45. Ke4 a3 46.
Kd3 a2 0-1